LEADER 01063nam0-2200337---450- 001 990008620350403321 005 20080430080332.0 010 $a88-02-03919-4 035 $a000862035 035 $aFED01000862035 035 $a(Aleph)000862035FED01 035 $a000862035 100 $a20080219d1985----km-y0itay50------ba 101 0 $aita 102 $aIT 105 $a--------001yy 200 1 $aIspezione e controllo delle derrate di origine animale$fBruno Romboli, Giovanni Mantovani$gcon la collaborazione di Mario Arispici ... [et al.] 210 $aTorino$cUTET$dc1985 215 $aXLIV, 718 p.$cill.$d27 cm 610 0 $aAlimenti di origine animale$aControllo sanitario 676 $a363.1929 700 1$aRomboli,$bBruno$0306540 701 1$aMantovani,$bGiovanni$0252510 801 0$aIT$bUNINA$gRICA$2UNIMARC 901 $aBK 912 $a990008620350403321 952 $aX B 19-2$b1129$fFMVBC 952 $aX B 19$b727$fFMVBC 959 $aFMVBC 996 $aIspezione e controllo delle derrate di origine animale$9714896 997 $aUNINA LEADER 02865oam 2200733I 450 001 9910450393403321 005 20200520144314.0 010 $a1-135-87711-4 010 $a1-135-87712-2 010 $a1-280-11220-4 010 $a9786610112203 010 $a0-203-99776-X 024 7 $a10.4324/9780203997765 035 $a(CKB)1000000000248167 035 $a(EBL)243125 035 $a(OCoLC)252960640 035 $a(SSID)ssj0000357274 035 $a(PQKBManifestationID)12143970 035 $a(PQKBTitleCode)TC0000357274 035 $a(PQKBWorkID)10351447 035 $a(PQKB)10690643 035 $a(SSID)ssj0000290205 035 $a(PQKBManifestationID)11225455 035 $a(PQKBTitleCode)TC0000290205 035 $a(PQKBWorkID)10403825 035 $a(PQKB)10726002 035 $a(MiAaPQ)EBC243125 035 $a(Au-PeEL)EBL243125 035 $a(CaPaEBR)ebr10094753 035 $a(CaONFJC)MIL11220 035 $a(OCoLC)252960640 035 $a(EXLCZ)991000000000248167 100 $a20180331d2005 uy 0 101 0 $aeng 135 $aur|n|---||||| 181 $ctxt 182 $cc 183 $acr 200 10$aBlues $ethe basics /$fDick Weissman 210 1$aNew York :$cRoutledge,$d2005. 215 $a1 online resource (217 p.) 225 1 $aThe Basics 300 $aDescription based upon print version of record. 311 $a0-415-97068-7 311 $a0-415-97067-9 320 $aIncludes bibliographical references (p. 157-189) and index. 327 $aCONTENTS; Introduction; 1 The Roots of The Blues: 1619-1919; 2 The 1920s: Documented Beginnings of the Classic and Rural Blues; 3 The Folk Blues: 1920-1940; 4 Rhythm and Blues and the Beginning of; 5 The Blues Revival: 1960-1980; 6 The New Generation of Blues Artists: 1980-Today; Appendix; Index 330 $aBlues: The Basics offers a concise introduction to a century of the blues. Organized chronologically, it focuses on the major eras in the growth and development of this popular musical style. Material includes:a definition of the blues and the major genres within itkey artists such as Ma Rainey, Bessie Smith, Robert Johnson and Blind Lemon Jeffersonkey recordingsComplete with timelines and suggestions for further investigation, this fascinating overview is ideal for students and 410 4$aThe Basics 606 $aBlues (Music)$xHistory and criticism 606 $aPopular music$xHistory and criticism 608 $aElectronic books. 615 0$aBlues (Music)$xHistory and criticism. 615 0$aPopular music$xHistory and criticism. 676 $a781.643/09 676 $a781.64309 700 $aWeissman$b Dick.$0988260 801 0$bMiAaPQ 801 1$bMiAaPQ 801 2$bMiAaPQ 906 $aBOOK 912 $a9910450393403321 996 $aBlues$92259844 997 $aUNINA